Interpretacija russkogo publicističeskogo teksta v slovackoj auditoriji

Bibliographic Details
Main Author: Sipko, Jozef, 1950- (Author)
Format: Article
Language:Russian
PhysicalDescription:Res. nem., slov., lit. 5 zázn. v ruš.
ISBN:8070972068
Subjects:

MARC

LEADER 00000cab a2200000 a 4500
001 vtls000505328
003 SK-MaSNL
005 20260318115000.0
008 160204c1991 xo 0 rus
015 |a SNBRA19rr/mm-uuuuu 
035 |a CL0505466 
040 |a SNKBUCL  |b slo  |c SNKBUCL  |d SVKPO  |e AACR2 
041 0 |a rus 
044 |a xo  |c SK 
080 |a 372.882:378.147  |2 1981 
080 |a 378.147  |2 1981 
100 1 |a Sipko, Jozef,  |d 1950-  |4 aut  |9 240313 
245 1 0 |a Interpretacija russkogo publicističeskogo teksta v slovackoj auditoriji  |c Jozef Sipko 
300 |b Res. nem., slov., lit. 5 zázn. v ruš. 
650 0 7 |a ruština  |2 snkbucl  |9 1346 
650 0 7 |a vysoké školy  |2 snkbucl  |9 1277 
650 0 7 |a text publicistický  |2 snkbucl  |9 1347069 
655 7 |a články zo zborníkov  |2 snkbucl  |9 166140 
773 0 |t Acta Facultatis paedagogicae Universitatis Šafarikanae. Slavistika 27  |d Košice : Univerzita P. J. Šafárika, 1991  |g S. 141-147  |z 8070972068 
850 |a Slovenská národná knižnica v Martine  |a MTA001 
852 |a SNK  |b KIS3GCP 
958 |a NB 
958 |a RK 
992 |a RZB 
999 |c 3298644  |d 3300574